| 000 | 01727nam0a2200361 4500 | ||
|---|---|---|---|
| 001 | RU\NLR\BIBL_A\022026548 | ||
| 005 | 20231018160742.0 | ||
| 010 |
_a978-5-91838-110-6 _9300 |
||
| 021 |
_aRU _bКН-П-23-051658 _9КН-П-23-5186 |
||
| 035 | _a(NLR Aleph) 022026548 | ||
| 035 | _a(RuMoRGB)012022763 | ||
| 090 |
_a12527729 _c12527729 |
||
| 100 | _a20230914d2016 k y0rusy50 ca | ||
| 101 | 0 | _arus | |
| 102 | _aRU | ||
| 105 | _aa z 000zy | ||
| 181 | 0 |
_ai3 _baxxe |
|
| 182 | 0 | _an | |
| 200 | 1 |
_aДинамика развития глагольных параллелей в русском языке _e(грамматическая синонимия форм настоящего времени) _eмонография _fЕ. И. Колосова, Т. А. Гимранова _gКазанский (Приволжский) федеральный университет |
|
| 203 |
_aТекст _bвизуальный _cнепосредственный |
||
| 210 |
_aКазань _cПечать-Сервис-XXI век _d2016 |
||
| 215 |
_a195 с. _cтабл. _d21 |
||
| 320 | _aБиблиогр.: с. 178-188 и в тексте | ||
| 606 | 1 |
_aРусский язык _xГлагол _xКатегория времени _2nlr_sh1 _2nlr_sh2 _3RU\NLR\AUTH\661320488 |
|
| 606 | 1 |
_aРусский язык _xСинонимы грамматические _2nlr_sh1 _2nlr_sh2 _3RU\NLR\AUTH\66982331 |
|
| 686 |
_a81.411.2-2 _2rubbks |
||
| 686 | 1 | _aШ141.12-212.6 | |
| 700 | 1 |
_aКолосова _bЕ. И. _gЕлена Ивановна |
|
| 701 | 1 |
_aГимранова _bТ. А. _gТатьяна Александровна |
|
| 942 | _cBOOK | ||
| 980 | _aNB | ||